| 000 | 00451nam a22001217a 4500 | ||
|---|---|---|---|
| 999 |
_c10179 _d10179 |
||
| 003 | OSt | ||
| 008 | 201218b ||||| |||| 00| 0 eng d | ||
| 245 | _aIndian Journal of Computer Applications Research and Development (JCARD) | ||
| 250 | _a2016(Jan-Jun Vol.4 No.1) 2017(Jan-Jun Vol.5 No.1) 2018(Jan-Jun Vol.6 No.1, Jul-Dec Vol.6 No.2) | ||
| 260 |
_aNew Delhi _bAcademic Research Journals |
||
| 650 | _aMaster of Computer Applications | ||
| 942 |
_2ddc _cBV |
||